000 00223nam a2200097Ia 4500
005 20251222114357.0
008 251222s1900||||xx |||||||||||||| ||spa||
082 _aDVD0010/T22K/2004
245 0 _aKill Bill. Vol.2:
942 _cDVD
999 _c1486
_d1486